Представление документа в формате RUSMARC

ПолеНазваниеЗначение
  Тип записи a
  Библиографический уровень m
001 Контрольный номер RU/УОНБ/EK/616074345
005 Дата корректировки 20250520122511.7
010 Индекс ISBN __
a ISBN 5-85200-047-7
d Цена 13 р. 60 к.
9 Тираж 30000 экз.
b Уточнения в пер.
100 Данные общей обработки __
a Данные общей обработки 20190710d1988 u y0rusy0189||||ca
101 Язык документа 0_
a Язык текста rus
102 Страна публикации __
a Страна публикации RU
105 Кодированные данные (монография) __
a Кодированные данные (монография) a z 001yy
200 Заглавие и сведения об ответственности 1_
a Заглавие Искусство Китая
e Сведения, относящиеся к заглавию [альбом
f Первые сведения об ответственности авт.-сост. Н.А. Виноградова]
210 Выходные данные 1_
a Место издания Москва
c Издательство Изобразит. искусство
d Дата издания 1988
215 Физическое описание __
a Объем 54, [22] с.
c Иллюстрации/тип воспроизводства ил., [88] л. ил., цв. ил.
d Формат 28 см
225 Серия 1_
a Серия Искусство стран и народов мира
320 Библиография __
a Библиография Библиогр. в конце кн.
606 Тематические рубрики 0_
a Основная рубрика Китайская архитектура
j Формальный подзаголовок Альбомы
606 Тематические рубрики 0_
a Основная рубрика Китайское изобразительное искусство
j Формальный подзаголовок Альбомы
610 Ключевые слова 0_
a Ключевые слова китайское изобразительное искусство
610 Ключевые слова 0_
a Ключевые слова китайская архитектура
610 Ключевые слова 0_
a Ключевые слова искусство Китая
686 Индексы других классификаций __
a Классификационный индекс 85.103(5)
2 Код системы rubbk
702 Вторичная интеллектуальная ответственность _1
a Фамилия Виноградова
b Имя (инициалы) Н.А.
4 Код отношения 220
801 Источник записи _0
a Страна RU
b Организация Ульяновская ОНБ
c Дата составления 20190710
g Правила каталогизации RCR
801 Источник записи _1
a Страна RU
b Организация Ульяновская ОНБ
c Дата составления 20190710
g Правила каталогизации RCR
901 Тип документа __
t Тип документа m
909 Создатель записи __
a Создатель записи Балакирева
938 Служебная информация __
a Имя БД retro
b Имя библиотеки УОНБ
c Имя АИБС МАРК-SQL
d Номер DOC_ID в БД 299210